Estatísticas para Nordeste do Brasil em 15 Segundos

Clique aqui para jogar o quiz

Estatísticas Gerais

  • Esse quiz foi jogado 602 vezes
  • A pontuação média é 5 de 9

Respostas no mapa

Respostas codificadas por cores de uma escala verde-vermelha no mapa do quiz de acordo com a % correta abaixo.
 

Estatísticas das Respostas

Estados% Correto
Bahia
88%
Ceará
70%
Maranhão
66%
Piauí
65%
Pernambuco
62%
Sergipe
57%
Paraíba
52%
Alagoas
51%
Rio Grande do Norte
37%

Distribuição das Pontuações

Percentil de Números Respondidos

Porcentagem de Pessoas com Cada Pontuação

Sua Pontuação Histórica

Você não jogou esse quiz